Giacomo Leopardi (Record no. 163687)

MARC details
000 -LEADER
campo de control de longitud fija 01055nam a2200253 i 4500
001 - NÚMERO DE CONTROL
campo de control 163687
003 - IDENTIFICADOR DE NÚMERO DE CONTROL
campo de control ES-MaACL
005 - FECHA Y HORA DE LA ÚLTIMA TRANSACCIÓN
campo de control 20250815164243.0
008 - DATOS DE LONGITUD FIJA--INFORMACIÓN GENERAL
campo de control de longitud fija 050719s1894 fr | |||||||| ||fre d
040 ## - FUENTE DE CATALOGACIÓN
Centro catalogador/agencia de origen CAM
Lengua de catalogación spa
Centro/agencia transcriptor CAM
100 1# - ENTRADA PRINCIPAL--NOMBRE DE PERSONA
Nombre de persona Rod, Edouard.
9 (RLIN) 98088
245 10 - MENCIÓN DEL TÍTULO
Título Giacomo Leopardi
Resto del título : Les préraphaélites anglais ; Richard Wagner et l'esthétique allemande; Victor Hugo; Garibald i; Les véristes italien s; M.E. de Amicis; La jeunesse de Cavour /
Mención de responsabilidad, etc. par Edouard Rod.
250 ## - MENCION DE EDICION
Mención de edición 2e éd.
260 ## - PUBLICACIÓN, DISTRIBUCIÓN, ETC.
Lugar de publicación, distribución, etc. Paris :
Nombre del editor, distribuidor, etc. Perrin et cie,
Fecha de publicación, distribución, etc. 1894 (
Lugar de fabricación/manufactura Imprimerie de Lagny :
Fabricante Emile Colin)
300 ## - DESCRIPCIÓN FÍSICA
Extensión 249 p. ;
Dimensiones 18 cm.
490 1# - MENCIÓN DE SERIE
Mención de serie Etudes sur le XIXe siècle
600 14 - PUNTO DE ACCESO ADICIONAL DE MATERIA--NOMBRE DE PERSONA
Nombre de persona Leopardi, Giacomo,
Fechas asociadas al nombre 1798-1837-
Subdivisión general Crítica e interpretación
9 (RLIN) 71705
650 #4 - PUNTO DE ACCESO ADICIONAL DE MATERIA--TÉRMINO DE MATERIA
Término de materia o nombre geográfico como elemento de entrada Romanticismo-
Subdivisión geográfica Alemania.
9 (RLIN) 16944
650 #4 - PUNTO DE ACCESO ADICIONAL DE MATERIA--TÉRMINO DE MATERIA
Término de materia o nombre geográfico como elemento de entrada Romanticismo-
Subdivisión geográfica Italia.
9 (RLIN) 165248
650 #7 - PUNTO DE ACCESO ADICIONAL DE MATERIA--TÉRMINO DE MATERIA
Término de materia o nombre geográfico como elemento de entrada Prerrafaelismo
Fuente del encabezamiento o término embne
9 (RLIN) 136762
830 0# - PUNTO DE ACCESO ADICIONAL DE SERIE-TÍTULO UNIFORME
Título uniforme Etudes sur le XIXe siècle
9 (RLIN) 222295
852 ## - LOCALIZACIÓN
Ubicación ES-MaACL
Número de control de estantería F-10993
Nota libre -- Enc. hol. conservando la cub. original
Holdings
Estatus retirado Estado de pérdida Estado de daño No para préstamo Colección Biblioteca de origen Biblioteca actual Ubicación en estantería Fecha de adquisición Fuente de adquisición Total de préstamos Signatura topográfica completa Código de barras Visto por última vez Precio de reemplazo Tipo de ítem Koha
        Libros del s. XIX Biblioteca del Ateneo de Madrid Biblioteca del Ateneo de Madrid Sala Pecera Planta 2 17/01/2008     F-10993 1171531 23/02/2023 23/02/2023 Libro impreso antiguo